"Bee my valentine!" /

The pupils of a first grade class prepare for their St. Valentine's Day party.

Bibliographic Details
Main Author: Cohen, Miriam
Other Authors: Hoban, Lillian
Format: Book
Language:English
Published: New York : Greenwillow Books, [1978]
Subjects:

MARC

Tag First Indicator Second Indicator Subfields
LEADER 00000cam a2200000 a 4500
001 in00000086327
005 20151008062648.0
008 770713s1978 nyua j 00011 engm
010 |a  77021950  
020 |a 0688801293 
035 |a (OCoLC)03168796 
035 |9 AAK0686AM 
040 |a DLC  |c DLC  |d m.c.  |d UtOrBLW 
049 |a TXAM 
050 0 0 |a PZ7 C6628  |b Bc 
100 1 |a Cohen, Miriam. 
245 1 0 |a "Bee my valentine!" /  |c story by Miriam Cohen ; pictures by Lillian Hoban. 
264 1 |a New York :  |b Greenwillow Books,  |c [1978] 
264 4 |c ©1978 
300 |a 32 unnumbered pages :  |b color illustrations ;  |c 19 x 21 cm. 
336 |a text  |b txt  |2 rdacontent 
337 |a unmediated  |b n  |2 rdamedia 
338 |a volume  |b nc  |2 rdacarrier 
520 |a The pupils of a first grade class prepare for their St. Valentine's Day party. 
650 1 |a Saint Valentine's Day  |x Fiction. 
650 1 |a Schools  |v Fiction. 
700 1 |a Hoban, Lillian. 
999 |a MARS 
999 f f |s 0fc802c8-3c99-3f0a-a67c-97c0b9496714  |i 95d3c5e7-2cfa-3438-ae1d-b78d6f813b29  |t 0 
952 f f |p ric  |a Texas A&M University  |b Rellis Campus  |c Joint Library Facility  |d Remote Storage  |t 0  |e PZ7.C6628 Bc  |h Library of Congress classification  |i unmediated -- volume  |m A14822359901 
998 f f |a PZ7.C6628 Bc  |t 0  |l Remote Storage